सत्य के प्रयोग : (Record no. 53157)

MARC details
000 -LEADER
fixed length control field 00670nam a2200193Ia 4500
005 - DATE AND TIME OF LATEST TRANSACTION
control field 20260429112245.0
008 - FIXED-LENGTH DATA ELEMENTS--GENERAL INFORMATION
fixed length control field 260429s9999||||xx |||||||||||||| ||und||
020 ## - INTERNATIONAL STANDARD BOOK NUMBER
International Standard Book Number 9789382981114
041 ## - LANGUAGE CODE
Language Hindi
082 ## - DEWEY DECIMAL CLASSIFICATION NUMBER
Classification number 322.4092
Item number GAN
100 ## - MAIN ENTRY--PERSONAL NAME
Personal name गांधी, मोहनदास करमचंद
245 #0 - TITLE STATEMENT
Title सत्य के प्रयोग :
Remainder of title आत्मकथा /
Statement of responsibility, etc मोहनदास करमचंद गांधी
250 ## - EDITION STATEMENT
Edition statement 0
260 ## - PUBLICATION, DISTRIBUTION, ETC. (IMPRINT)
Place of publication, distribution, etc नई दिल्ली :
Name of publisher, distributor, etc पुस्तक प्रतिष्ठान,
Date of publication, distribution, etc 2019.
300 ## - PHYSICAL DESCRIPTION
Extent xvi, 414
650 ## - SUBJECT ADDED ENTRY--TOPICAL TERM
Topical term or geographic name as entry element Autobiography 
700 ## - ADDED ENTRY--PERSONAL NAME
Personal name अविनाश
942 ## - ADDED ENTRY ELEMENTS (KOHA)
Koha item type Text Books
Holdings
Withdrawn status Lost status Damaged status Not for loan Collection code Home library Location Shelving location Date of Cataloging Source of acquisition Total Checkouts Full call number Barcode Date last seen Price effective from Koha item type
        Non-fiction CUTN Central Library CUTN Central Library Social Sciences 29/04/2026 Segment Book Distributors, New Delhi - Invoice No. 71458 on 09-02-2026   322.4092 GAN 58452 29/04/2026 29/04/2026 Text Books